Anime Main Character Quiz - Statistics

General Stats
  • This quiz has been taken 524 times
  • The average score is 7 of 11
Answer Stats
Hint Answer % Correct
naruto naruto
98%
one piece luffy
91%
bleach ichigo
81%
hunter x hunter gon
75%
tokyo ghoul kaneki
70%
one punch man saitama
68%
fairy tail lucy
57%
code geass lelouch
51%
deathnote yagami
47%
fullmetal alchemist elric
30%
gintama gintoki
29%
No matching quizzes found
Score Distribution
Percent of People with Each Score
Percentile by Number Answered
Your Score History
You have not taken this quiz